LEADER 01142nam a2200337 i 4500 001 991003693449707536 005 20021220115337.0 008 020905s2001 de ||| | fre 020 $a3540423354 035 $ab11849137-39ule_inst 035 $aLE01313495$9ExL 040 $aDip.to Matematica$beng 082 0 $a515.3 084 $aAMS 26A06 084 $aAMS 26B10 084 $aAMS 34A12 084 $aAMS 40A05 084 $aAMS 40A10 100 1 $aGianella, Hervé$0531861 245 10$aProblèmes choisis de mathématiques supérieures /$c[par] H. Gianella ... [et al.] 260 $aBerlin :$bSpringer,$cc2001 300 $aviii, 267 p. ;$c24 cm. 490 0 $aScopos ;$v14 500 $aIncludes bibliographical references and index 650 4$aOne-variable calculus 907 $a.b11849137$b28-04-17$c20-12-02 912 $a991003693449707536 945 $aLE013 26A GIA11 (2001)$g1$i2013000131740$lle013$o-$pE0.00$q-$rl$s- $t0$u1$v0$w1$x0$y.i12101667$z20-12-02 996 $aProblèmes choisis de mathématiques supérieures$9899870 997 $aUNISALENTO 998 $ale013$b01-01-02$cm$da $e-$ffre$gde $h0$i1 LEADER 01041nam a2200289 i 4500 001 991000973819707536 005 20020507180901.0 008 950316s1972 uk ||| | eng 020 $a0521096952 035 $ab10783398-39ule_inst 035 $aLE01305117$9ExL 040 $aDip.to Matematica$beng 082 0 $a512.15014 084 $aAMS 00A20 084 $aQA155 100 1 $aHowson, A. Geoffrey$0535079 245 12$aA handbook of terms used in algebra and analysis /$ccompiled by A. G. Howson 260 $aCambridge [Eng.] :$bCambridge University Press,$c1972 300 $aix, 238 p. ;$c22 cm. 650 4$aAlgebra-terminology 650 4$aMathematical analysis-terminology 907 $a.b10783398$b21-09-06$c28-06-02 912 $a991000973819707536 945 $aLE013 00A20 HOW11 (1972)$g1$i2013000025490$lle013$o-$pE0.00$q-$rl$s- $t0$u0$v0$w0$x0$y.i10883265$z28-06-02 996 $aHandbook of terms used in algebra and analysis$9922025 997 $aUNISALENTO 998 $ale013$b01-01-95$cm$da $e-$feng$guk $h2$i1